|
|
|
|
| LEADER |
01061nam a2200265 a 4500 |
| 001 |
12540947 |
| 008 |
100706r20092002nyua b 001 0 eng d |
| 010 |
|
|
|a 2001046858
|
| 020 |
|
|
|a 9788126507689
|
| 020 |
|
|
|a 0471419028 (cloth : alk. paper)
|
| 040 |
|
|
|a DLC
|c DLC
|d DLC
|d DB-DhAAL
|
| 082 |
0 |
0 |
|a 621.382
|2 21
|
| 245 |
0 |
0 |
|a Handbook of wireless networks and mobile computing /
|c edited by Ivan Stojmenović.
|
| 260 |
|
|
|a New York ;
|a New Delhi :
|b Wiley India,
|c 2002.[reprinted 2009]
|
| 300 |
|
|
|a xxix, 630 p. :
|b ill. ;
|c 25 cm.
|
| 490 |
0 |
|
|a Wiley series on parallel and distributed computing
|
| 504 |
|
|
|a Includes bibliographical references and index.
|
| 541 |
1 |
|
|e 00020638
|
| 650 |
|
0 |
|a Wireless communication systems.
|
| 650 |
|
0 |
|a Mobile communication systems.
|
| 650 |
|
0 |
|a Computer networks.
|
| 700 |
1 |
|
|a Stojmenović, Ivan.
|
| 852 |
4 |
|
|a Ayesha Abed Library
|j General Shelf.
|
| 999 |
|
|
|c 9208
|d 9208
|
| 952 |
|
|
|0 0
|1 0
|2 ddc
|4 0
|6 621_382000000000000_HAN_2009
|7 0
|9 11617
|a BRACUL
|b BRACUL
|c GEN
|d 2010-07-07
|l 0
|o 621.382 HAN
|p 3010020638
|r 2010-07-07
|t 1
|w 2010-07-07
|y BK
|